| 000 | 00729nam a2200229 a 4500 | ||
|---|---|---|---|
| 005 | 20240424063755.0 | ||
| 008 | 171017s2006 es r 000 0 spa d | ||
| 020 | _a8421696157 | ||
| 035 | _aUPN01000221078 | ||
| 049 | _aI | ||
| 050 | 4 |
_aE111 _bM4.2 |
|
| 100 | 1 |
_aMenéndez, Elvira, _d1949- _931598 |
|
| 245 | 1 | 0 |
_aAlbum visual de Colón / _cElvira Menéndez, José María Alvarez ; il. Daniel Torres. |
| 260 |
_aMadrid : _bBruño, _c2006. |
||
| 300 |
_a[29] p. : _bil. col. |
||
| 600 | 1 | 4 |
_aCOLON, CRISTOBAL, _d1451-1506 - _vLITERATURA INFANTIL _920125 |
| 650 | 4 |
_aExploradores _910041 |
|
| 650 | 0 |
_aViajes y travesías _911045 |
|
| 700 | 1 |
_aAlvarez, José María, _ecoaut. _932275 |
|
| 905 | _aInfantil | ||
| 999 |
_c193177 _d193177 |
||